[Event "Portugal Open 2020"]
[Site "Lisboa POR"]
[Date "2020.02.01"]
[Round "9.87"]
[White "Oliveira, António Augusto"]
[Black "Vera Cruz, Aguinaldo"]
[Result "1/2-1/2"]
[WhiteElo "1568"]
[BlackElo "1498"]
[WhiteFideId "1943235"]
[BlackFideId "23600250"]
[WhiteCountry "POR"]
[BlackCountry "CPV"]
[PlyCount "61"]
[EventDate "2020.01.25"]

1. e4 e5 2. Nf3 Nc6 3. Bc4 Bc5 4. b4 Bxb4 5. c3 Ba5 6. d4 exd4 7. O-O Bxc3 8.
Nxc3 dxc3 9. Qd5 Qe7 10. Ng5 Nh6 11. Bf4 d6 12. e5 Be6 13. Nxe6 fxe6 14. Qb5 Rb8
15. exd6 cxd6 16. Bxe6 Kf8 17. Rfe1 Rd8 18. Bxh6 gxh6 19. Qf5+ Kg7 20. Re3 Ne5
21. Rg3+ Ng6 22. h4 Qf6 23. h5 Rhf8 24. Qd5 Qxf2+ 25. Kh2 Qb6 26. hxg6 hxg6 27.
Bf5 Rf6 28. Rb1 Qf2 29. Rxb7+ Kh8 30. Bxg6 Rxg6 31. Rxg6 1/2-1/2

[Event "Portugal Open 2020"]
[Site "Lisboa POR"]
[Date "2020.02.01"]
[Round "9.88"]
[White "Rosa, José"]
[Black "Cavadas, José"]
[Result "0-1"]
[WhiteElo "1224"]
[BlackElo "1529"]
[WhiteFideId "1961977"]
[BlackFideId "1904990"]
[WhiteCountry "POR"]
[BlackCountry "POR"]
[PlyCount "42"]
[EventDate "2020.01.25"]

1. e4 c5 2. Nf3 d6 3. d4 cxd4 4. Nxd4 a6 5. c4 Nf6 6. Nc3 e6 7. Be2 Be7 8. Be3
Bd7 9. O-O O-O 10. f4 Qc7 11. Qb3 Nc6 12. Rad1 Rac8 13. Kh1 Na5 14. Qc2 Nxc4 15.
Bg1 b5 16. Bf3 Nxb2 17. Qxb2 Qxc3 18. Qb1 Rfd8 19. Rc1 Qd2 20. f5 e5 21. Rfd1
Rxc1 0-1

[Event "Portugal Open 2020"]
[Site "Lisboa POR"]
[Date "2020.02.01"]
[Round "9.89"]
[White "Antunes, Ana"]
[Black "Lança, Luis"]
[Result "1/2-1/2"]
[WhiteElo "1215"]
[BlackElo "1281"]
[WhiteFideId "1936310"]
[BlackFideId "1936450"]
[WhiteCountry "POR"]
[BlackCountry "POR"]
[PlyCount "128"]
[EventDate "2020.01.25"]

1. e4 e5 2. Nf3 Nc6 3. Bc4 Bc5 4. d3 Nf6 5. Bg5 d6 6. h3 Be6 7. Bb3 Qe7 8. O-O
h6 9. Be3 Bb6 10. Nbd2 O-O-O 11. Bxb6 axb6 12. c3 d5 13. Re1 dxe4 14. Bxe6+ Qxe6
15. Nxe4 Nxe4 16. Rxe4 f5 17. Ra4 Kb8 18. Qb3 Qf6 19. Qa3 Kc8 20. Ra8+ Kd7 21.
Rxd8+ Rxd8 22. d4 exd4 23. Rd1 Kc8 24. Nxd4 Nxd4 25. Qa8+ Kd7 26. Rxd4+ Ke8 27.
Rxd8+ Qxd8 28. Qxb7 Kf7 29. Qf3 Kf6 30. g4 g6 31. Qf4 Qd1+ 32. Kh2 Qd6 33. Qxd6+
cxd6 34. Kg3 Ke5 35. Kf3 f4 36. Ke2 g5 37. f3 d5 38. Kd3 b5 39. a3 Ke6 40. Kd4
Kd6 41. b3 Kc6 42. a4 bxa4 43. bxa4 Kd6 44. a5 Kc6 45. a6 Kb6 46. Kxd5 Kxa6 47.
Ke6 Kb5 48. Kf6 Kc4 49. Kg6 Kxc3 50. Kxh6 Kd3 51. Kxg5 Ke3 52. h4 Kxf3 53. h5
Kg3 54. h6 f3 55. h7 f2 56. h8=Q f1=Q 57. Qh4+ Kf3 58. Kh5 Qb5+ 59. g5 Qe8+ 60.
g6 Qh8+ 61. Kg5 Qe5+ 62. Kh6 Qh8+ 63. Kg5 Qd8+ 64. Kh5 Qh8+ 1/2-1/2

[Event "Portugal Open 2020"]
[Site "Lisboa POR"]
[Date "2020.02.01"]
[Round "9.90"]
[White "Alves, Luís"]
[Black "Gomes, Tiago Miguel"]
[Result "1-0"]
[WhiteElo "1686"]
[BlackElo "1182"]
[WhiteFideId "1903110"]
[BlackFideId "1936204"]
[WhiteCountry "POR"]
[BlackCountry "POR"]
[PlyCount "93"]
[EventDate "2020.01.25"]

1. e4 e5 2. Nf3 Nc6 3. Bb5 a6 4. Ba4 Nf6 5. d3 b5 6. Bb3 Bc5 7. c3 d6 8. O-O h6
9. h3 O-O 10. Nbd2 Bb7 11. Re1 Ne7 12. Nf1 Ng6 13. Bc2 Re8 14. a4 c6 15. Ng3 d5
16. d4 Ba7 17. exd5 Nxd5 18. Bxg6 fxg6 19. dxe5 Bc5 20. Ne4 Bb6 21. Nd6 Re7 22.
axb5 axb5 23. Rxa8 Qxa8 24. c4 Nb4 25. Qb3 Bc5 26. cxb5+ Kh7 27. Ne4 Qa7 28.
Nxc5 Qxc5 29. Be3 Qxb5 30. Nd4 Qa5 31. Bd2 Qd5 32. Qxd5 Nxd5 33. Nb3 Nb6 34. Bb4
Re8 35. Na5 Ba8 36. g3 Nd7 37. Bd6 Nf6 38. Kf1 Nd5 39. h4 Kg8 40. b4 Kf7 41. Nc4
Ke6 42. Ra1 Nc3 43. Ra7 Nb5 44. Rxg7 Nxd6 45. Nxd6 Rd8 46. f4 Rb8 47. Ra7 1-0

[Event "Portugal Open 2020"]
[Site "Lisboa POR"]
[Date "2020.02.01"]
[Round "9.91"]
[White "Nunes, Adelino"]
[Black "Costa, Raul"]
[Result "1/2-1/2"]
[WhiteElo "1544"]
[BlackElo "1420"]
[WhiteFideId "1908111"]
[BlackFideId "1956868"]
[WhiteCountry "POR"]
[BlackCountry "POR"]
[PlyCount "66"]
[EventDate "2020.01.25"]

1. e4 d5 2. exd5 Nf6 3. Nc3 Nxd5 4. Nxd5 Qxd5 5. c4 Qe5+ 6. Qe2 Nc6 7. Nf3 Qxe2+
8. Bxe2 e5 9. d3 Bb4+ 10. Bd2 f6 11. a3 Bxd2+ 12. Nxd2 Bf5 13. Nb3 O-O-O 14. O-O
Bxd3 15. Bxd3 Rxd3 16. Nc5 Rd2 17. b4 Nd4 18. Ne4 Rc2 19. c5 f5 20. Ng5 h6 21.
Nf7 Re8 22. Rfe1 Ne2+ 23. Kf1 Re7 24. Nxh6 Ng3+ 25. hxg3 gxh6 26. Re3 h5 27. Rd1
c6 28. Rd6 Kc7 29. Rh6 Rd7 30. Rxe5 Rd1+ 31. Re1 Rdd2 32. Rh7+ Kd8 33. Rh8+ Kd7
1/2-1/2

[Event "Portugal Open 2020"]
[Site "Lisboa POR"]
[Date "2020.02.01"]
[Round "9.92"]
[White "Costa, Fábio"]
[Black "Gaudin, Bruno"]
[Result "1-0"]
[WhiteElo "1258"]
[BlackElo "1515"]
[WhiteFideId "1961063"]
[BlackFideId "647861"]
[WhiteCountry "POR"]
[BlackCountry "FRA"]
[PlyCount "109"]
[EventDate "2020.01.25"]

1. e4 d6 2. d4 Nf6 3. Nc3 Nbd7 4. f4 c6 5. Nf3 Qc7 6. Bc4 b5 7. Bd3 b4 8. Ne2 e6
9. O-O Be7 10. h3 c5 11. c3 Bb7 12. Ng3 O-O 13. e5 dxe5 14. fxe5 Nd5 15. Ne4
Rac8 16. Bd2 cxd4 17. cxd4 Qb6 18. Kh1 a5 19. Qe1 f6 20. exf6 N5xf6 21. Nxf6+
Nxf6 22. Qe5 Bd5 23. Qe2 Qb7 24. Ne5 Ne4 25. Bxe4 Bxe4 26. Rac1 Rxc1 27. Rxc1
Bd5 28. b3 Bh4 29. Rf1 Qe7 30. Nf3 Bg3 31. Bg5 Qf7 32. Nd2 Qg6 33. Rxf8+ Kxf8
34. Qf1+ Kg8 35. Be3 Qf7 36. Qxf7+ Kxf7 37. Nc4 Bxc4 38. bxc4 a4 39. Bc1 b3 40.
axb3 axb3 41. Bb2 g6 42. Kg1 Ke7 43. Kf1 Kd6 44. Ke2 e5 45. Kd3 exd4 46. Bxd4
Be5 47. Bxe5+ Kxe5 48. Kc3 h5 49. Kxb3 Kd6 50. Kc3 Kc5 51. Kd3 g5 52. g4 hxg4
53. hxg4 Kd6 54. Kd4 Kc6 55. Ke5 1-0

[Event "Portugal Open 2020"]
[Site "Lisboa POR"]
[Date "2020.02.01"]
[Round "9.93"]
[White "Heid, Magdalene"]
[Black "Correia, Mário Lino"]
[Result "1-0"]
[WhiteElo "1414"]
[BlackElo "1453"]
[WhiteFideId "16276957"]
[BlackFideId "1967517"]
[WhiteCountry "GER"]
[BlackCountry "POR"]
[PlyCount "43"]
[EventDate "2020.01.25"]

1. e4 d5 2. exd5 Nf6 3. c4 e6 4. dxe6 Bxe6 5. Nf3 Bg4 6. Be2 Nc6 7. O-O Bd6 8.
h3 Bf5 9. d4 O-O 10. Bg5 h6 11. Bh4 Qe7 12. c5 Bf4 13. Bd3 Bxd3 14. Qxd3 g5 15.
Bg3 Bxg3 16. fxg3 Rad8 17. Qf5 Qe3+ 18. Kh2 Nh7 19. Nc3 Nxd4 20. Nxd4 Qxd4 21.
Rad1 Qxc5 22. Qxc5 1-0

[Event "Portugal Open 2020"]
[Site "Lisboa POR"]
[Date "2020.02.01"]
[Round "9.94"]
[White "Corrie, Michael"]
[Black "Fonseca, René Gil"]
[Result "1-0"]
[WhiteElo "1423"]
[BlackElo "1332"]
[WhiteFideId "2631067"]
[BlackFideId "1957767"]
[WhiteCountry "CAN"]
[BlackCountry "POR"]
[PlyCount "65"]
[EventDate "2020.01.25"]

1. d4 Nf6 2. Bf4 d5 3. e3 c5 4. Nd2 cxd4 5. exd4 e6 6. Ngf3 Bd6 7. Bg3 O-O 8.
Bd3 Nc6 9. c3 Re8 10. Ne5 Nd7 11. Nxc6 Qb6 12. Bxd6 bxc6 13. Qc2 e5 14. dxe5
Nxe5 15. O-O Ng6 16. Rfe1 Re6 17. Rxe6 Bxe6 18. Bxg6 hxg6 19. Nf3 f6 20. Nd4 Bd7
21. b4 a5 22. Rb1 f5 23. bxa5 Re8 24. h3 Qxa5 25. Rb7 c5 26. Rxd7 cxd4 27. cxd4
Qb5 28. Qc7 Re1+ 29. Kh2 Kh7 30. Rxg7+ Kh6 31. Rh7+ Kg5 32. Bf4+ Kf6 33. Qf7#
1-0

[Event "Portugal Open 2020"]
[Site "Lisboa POR"]
[Date "2020.02.01"]
[Round "9.95"]
[White "Florissi, Aldo"]
[Black "Bártolo, Diogo"]
[Result "1-0"]
[WhiteElo "1351"]
[BlackElo "1216"]
[WhiteFideId "28513428"]
[BlackFideId "1946757"]
[WhiteCountry "ITA"]
[BlackCountry "POR"]
[PlyCount "125"]
[EventDate "2020.01.25"]

1. e4 e5 2. d4 exd4 3. c3 Bc5 4. cxd4 Bb6 5. Nc3 c6 6. Bc4 Nf6 7. Bg5 d6 8. Nf3
Bg4 9. O-O O-O 10. d5 h6 11. Bh4 Nbd7 12. Bg3 Ne5 13. Bxe5 dxe5 14. Qd3 Bxf3 15.
Qxf3 Bd4 16. Rad1 b5 17. Bb3 b4 18. Na4 c5 19. Bc4 Qd6 20. Rfe1 Rad8 21. a3 Qd7
22. b3 Ng4 23. Re2 bxa3 24. h3 Nxf2 25. Rxf2 a2 26. Nb2 Bxf2+ 27. Qxf2 Qc7 28.
Na4 f5 29. Qxa2 Kh8 30. Nc3 f4 31. Qf2 Qe7 32. Rd3 Rf6 33. d6 Rdxd6 34. Nd5 Qd8
35. Qxc5 f3 36. Nxf6 Rxd3 37. Bxd3 f2+ 38. Kh2 Qxf6 39. Qc8+ Kh7 40. Qf5+ Qxf5
41. exf5 Kh8 42. Kg3 Kg8 43. Kxf2 Kf7 44. g4 Ke7 45. b4 Kd6 46. Be4 Kc7 47. Ke3
Kb6 48. Kd3 Kb5 49. Kc3 Ka4 50. Kc4 Ka3 51. b5 Ka4 52. Bc6 Ka5 53. Kd5 Kb6 54.
Be8 Kc7 55. Kxe5 Kd8 56. Bc6 Ke7 57. h4 Kf7 58. g5 hxg5 59. hxg5 Ke7 60. f6+
gxf6+ 61. gxf6+ Kf8 62. Ke6 Kg8 63. Ke7 1-0

[Event "Portugal Open 2020"]
[Site "Lisboa POR"]
[Date "2020.02.01"]
[Round "9.96"]
[White "Ferreira, Cristina"]
[Black "Martins, Domingos"]
[Result "0-1"]
[WhiteElo "1011"]
[BlackElo "1332"]
[WhiteFideId "1963082"]
[BlackFideId "1947389"]
[WhiteCountry "POR"]
[BlackCountry "POR"]
[PlyCount "76"]
[EventDate "2020.01.25"]

1. d4 d5 2. c4 e6 3. Nc3 Bb4 4. Bd2 c6 5. e4 Bxc3 6. Bxc3 dxe4 7. Ne2 Nf6 8. g3
O-O 9. Bg2 b6 10. O-O Bb7 11. b4 Nbd7 12. Qc2 c5 13. b5 a6 14. Qb2 a5 15. a4 Ng4
16. f3 Ne3 17. Nf4 Nxf1 18. Rxf1 exf3 19. Bxf3 Bxf3 20. Rxf3 Nf6 21. Qd2 Ne4 22.
Qe1 Nxc3 23. Rxc3 Qxd4+ 24. Qe3 Qd1+ 25. Kf2 Rad8 26. Nd3 Rd6 27. Qe2 Qxa4 28.
Qc2 Qxc2+ 29. Rxc2 Rxd3 30. Ke2 Rfd8 31. Rb2 a4 32. Ra2 a3 33. Rc2 R3d4 34. h4
Ra8 35. Ra2 Rxc4 36. Kd3 Rb4 37. Kc3 Rxb5 38. Kc4 Rb2 0-1